000
00208 a2200097 4500
001
17580
100
_a
Lanczos, C
245
_a
Space through the ages
260
_a
_b
Academic Press
_c
090
_c
12972
_d
12972
942
_a
NUST-CAE
_c
M
_c
3305
999
_c
252653
_d
252653